Lapin - Culture générale - Statistiques

Statistiques générales
  • Ce quiz a été pris 323 fois
  • Le résultat moyen est 9 sur 15
Statistiques - réponses
Question Réponse % Correct
Animal sauvage ressemblant au lapin Lièvre
92%
Petit du lapin Lapereau
83%
Nom du lapin dans Bambi Panpan
81%
Fête religieuse à laquelle est associé le lapin Pâques
81%
Partie du lapin utilisé pour confectionner des amulette ou porte bonheur Patte
79%
Dans quel film voit on un lapin blanc souvent muni d'une montre à gousset Alice au pays des merveilles
74%
Magazine connu pour ses photos érotiques Playboy
70%
Nom du lapin des Looney Tunes Bugs Bunny
67%
Cabane à lapin Clapier
60%
Dans quelle pays le lapin est une espèce envahissante ? Australie
59%
Lapin élevé pour sa fourrure pouvant être transformé en laine Angora
40%
Premier pays producteur de lapin en Europe Italie
34%
Lieu de vie du lapin ayant donné son nom à l'espèce Garenne
33%
Maladie ayant décimé les population de lapin Myxomatose
32%
Suite mathématique issue historiquement d'une tentative pour décrire la croissance d'une population de lapins Suite de Fibonacci
18%
Aucun quiz correspondant
Distribution des résultats
% des personnes avec chaque résultat
Percentile par nombre de réponses
Votre historique - résultats
Vous n’avez pas pris ce quiz